| 000 | 00482nam a2200169 4500 | ||
|---|---|---|---|
| 001 | 113816 | ||
| 003 | ES-MaACL | ||
| 005 | 20230906190018.0 | ||
| 007 | t| | ||
| 008 | 061121s1977 sp r ||||1| spa d | ||
| 100 | 0 |
_aPadilla Bolívar, Antonio. _988185 |
|
| 245 | 1 | 3 |
_aEl movimiento socialista español / _cAntonio Padilla Bolívar. |
| 250 | _a[1ª ed.]. | ||
| 260 |
_aBarcelona : _bPlaneta, _c1977. |
||
| 300 |
_a408 p. : _bil ; _c19 cm. |
||
| 852 |
_aES-MaACL _jA-7688 _bR.96818 |
||
| 999 |
_c113816 _d113816 |
||